| 000 | 00470nam a2200181Ia 4500 | ||
|---|---|---|---|
| 008 | 230524s9999 xx 000 0 und d | ||
| 020 | _a8178083388 | ||
| 082 |
_a4.62 _bHAN |
||
| 100 | _aRainer Handel | ||
| 245 | 0 | _aATM Networks : Concepts Protocals Applications | |
| 250 | _a10TH | ||
| 260 |
_aNEW DELHI _bPearson _c2005 |
||
| 300 | _a327 | ||
| 500 | _aQuantity Number: 2 | ||
| 650 | _aComp-Sc | ||
| 700 | _a" Manfred N. Huber , Stefan Schroder,,," | ||
| 942 | _cBK | ||
| 999 |
_c4317 _d4317 |
||